000 01090cam a2200193 4500
001 WB3943-19
008 031112n2003 000 0 eng u
035 _a(Sirsi) u124287
245 _aStart preparing now for new controls on farm waste
260 _c2003
490 _aDEFRA News Release
_v(466/03) 7 November 2003 (3)
520 _aThe Agricultural Waste Stakeholders' Forum has published a leaflet summarising changes and information about new waste management controls for agriculture which are due in 2004. The changes will implement EU legislation, and mean that uncontrolled burning of waste on farms and the use of 'farm tips' will be unlawful. Full consultation is due to take place in the next few months. The press release can be viewed at http://www.gnn.gov.uk. More information from Defra is available from http://www,defra.gov.uk/environment/waste/agforum/
590 _aWB
650 _aAGRICULTURAL WASTE STAKEHOLDERS' FORUM
650 _aFARM WASTE
650 _aAGRICULTURAL WASTE
690 _aENVIRONMENTAL AND LAND CONSULTANCY-WASTE MANAGEMENT
942 _n0
999 _c73770
_d73770